|
|
|
|
| LEADER |
01592nam a2200241 a 4500 |
| 001 |
00020848 |
| 008 |
100825s2010 bg b 001 0 eng d |
| 020 |
|
|
|a 9789843326479
|
| 040 |
|
|
|a DLC
|c DLC
|d DLC
|d BD-DhAAL
|
| 082 |
0 |
0 |
|a 338.4/7095492
|2 22
|
| 100 |
1 |
|
|a Chowdhury, ASM Manzur Morshed.
|
| 245 |
1 |
0 |
|a Tourism in Bangladesh :
|b tourism marketing mix strategy and economic impact on national development /GDP of Bangladesh /
|c ASM Manzur Morshed Chowdhury
|
| 260 |
|
|
|a Dhaka. :
|b ASM Manzur Morshed Chowdhury,
|c c2010
|
| 300 |
|
|
|a xvi, 462 p. :
|b ill. ;
|c 22 cm.
|
| 504 |
|
|
|a Includes bibliographical references and index.
|
| 541 |
1 |
|
|e 00020848
|
| 650 |
|
0 |
|a Tourism
|z Bangladesh
|
| 852 |
4 |
|
|a Ayesha Abed Library
|j General shelf
|
| 999 |
|
|
|c 9313
|d 9313
|
| 952 |
|
|
|0 0
|1 0
|2 ddc
|4 0
|6 338_470954920000000_CHO_2010
|7 0
|9 11747
|a BRACUL
|b BRACUL
|c GEN
|d 2010-08-25
|e Development Book Agency
|g 475.00
|l 6
|m 29
|o 338.47095492 CHO
|p 3010020848
|r 2022-10-16
|s 2022-10-13
|t 1
|w 2010-08-25
|y BK
|
| 952 |
|
|
|0 0
|1 0
|2 ddc
|4 0
|6 338_470954920000000_CHO_2010
|7 0
|9 11748
|a BRACUL
|b BRACUL
|c GEN
|d 2010-08-25
|e Development Book Agency
|g 475.00
|l 1
|m 5
|o 338.47095492 CHO
|p 3010020849
|r 2013-08-16
|s 2013-07-19
|t 2
|w 2010-08-25
|y BK
|
| 952 |
|
|
|0 0
|1 0
|2 ddc
|4 0
|6 338_470954920000000_CHO_2010
|7 0
|9 11749
|a BRACUL
|b BRACUL
|c GEN
|d 2010-08-25
|e Development Book Agency
|g 475.00
|l 2
|m 39
|o 338.47095492 CHO
|p 3010020850
|r 2022-12-14
|s 2022-10-13
|t 3
|w 2010-08-25
|y BK
|
| 952 |
|
|
|0 0
|1 0
|2 ddc
|4 0
|6 338_470954920000000_CHO_2010
|7 0
|9 11750
|a BRACUL
|b BRACUL
|c GEN
|d 2010-08-25
|e Development Book Agency
|g 475.00
|l 2
|m 19
|o 338.47095492 CHO
|p 3010020851
|r 2017-04-05
|s 2017-03-08
|t 4
|w 2010-08-25
|y BK
|